[Event "Masters"]
[Site "Singapore SIN"]
[Date "2006.12.27"]
[Round "3"]
[White "Wang Li"]
[Black "Li Chao"]
[Result "0-1"]
[WhiteElo "2226"]
[BlackElo "2320"]

1.e4 c5 2.Nf3 d6 3.d4 cxd4 4.Nxd4 Nf6 5.Nc3 a6 6.Be3 e5 7.Nf3 Qc7 8.a4 Be7
9.Bg5 Nbd7 10.Nd2 h6 11.Bxf6 Nxf6 12.Bc4 Be6 13.Bb3 O-O 14.Nf1 Qa5 15.Qd3 Nd7
16.Bxe6 fxe6 17.Nd2 Nc5 18.Qe2 Qb4 19.Ra2 b5 20.a5 Nb7 21.Nb3 Bd8 22.O-O Nxa5
23.Nxa5 Bxa5 24.Kh1 Bb6 25.f3 Bd4 26.Nd1 Bb6 27.Nc3 Rfb8 28.Rd1 a5 29.g3 a4
30.Qd3 Bd4 31.Rda1 Bxc3 32.Qxc3 Qxc3 33.bxc3 Rc8 34.Rb1 Rc5 35.Kg2 Rac8 36.Kh3 d5
37.Kg4 g6 38.h4 Kg7 39.h5 gxh5+ 40.Kxh5 d4 41.c4 Rxc4 42.Rxb5 Rxc2 43.Rxc2 Rxc2
44.f4 exf4 45.gxf4 a3 46.f5 a2 47.Ra5 exf5 48.exf5 d3 49.Kg4 d2  0-1

[Event "Weihnachtsopen Masters"]
[Site "Zurich SUI"]
[Date "2006.12.27"]
[Round "3"]
[White "Heinz,Ti"]
[Black "Gavrilova,A"]
[Result "1/2-1/2"]
[WhiteElo "2300"]
[BlackElo "2098"]

1.e4 c5 2.Nf3 d6 3.d4 cxd4 4.Nxd4 Nf6 5.Nc3 a6 6.Be3 e6 7.g4 Nc6 8.g5 Nd7
9.Bg2 Qc7 10.Qe2 b5 11.a3 Bb7 12.O-O Be7 13.f4 Nxd4 14.Bxd4 e5 15.Be3 exf4
16.Bxf4 Ne5 17.Bxe5 dxe5 18.h4 O-O 19.Nd5 Bxd5 20.exd5 Rac8 21.Be4 Qc4 22.Qg4 Qd4+
23.Kh1 Rxc2 24.Rad1 Rd2 25.Rxd2 Qxd2 26.Rd1 Qxb2 27.d6 Bxd6 28.Rxd6 Qxa3
29.Rd1 Qc3 30.Rf1 Qc4 31.Qf3 Rd8 32.h5 Rd4 33.Re1 Qb4 34.Re2 Rd1+ 35.Kg2 Rd2
36.g6 Rxe2+ 37.Qxe2 hxg6 38.hxg6 fxg6  1/2-1/2

[Event "44th National A ch-IND"]
[Site "Atul IND"]
[Date "2006.12.28"]
[Round "12"]
[White "Ganguly,S"]
[Black "Gopal,G"]
[Result "1/2-1/2"]
[WhiteElo "2573"]
[BlackElo "2397"]

1.e4 c5 2.Nf3 d6 3.d4 cxd4 4.Nxd4 Nf6 5.Nc3 a6 6.Be3 e5 7.Nb3 Be6 8.f3 Be7
9.Qd2 O-O 10.O-O-O a5 11.Qe1 Qc8 12.a4 Nc6 13.g4 Nb4 14.Kb1 Qc7 15.Qf2 d5
16.Bb6  1/2-1/2

[Event "27th Open A"]
[Site "Bethune FRA"]
[Date "2006.12.28"]
[Round "6"]
[White "Bjornsson,Si"]
[Black "Schut,H"]
[Result "1-0"]
[WhiteElo "2335"]
[BlackElo "2146"]

1.e4 c5 2.Nf3 d6 3.d4 cxd4 4.Nxd4 Nf6 5.Nc3 a6 6.Be3 e5 7.Nb3 Be6 8.Qd2 Be7
9.f3 h5 10.O-O-O Nbd7 11.Kb1 Rc8 12.g3 Qc7 13.h3 b5 14.Rh2 Bc4 15.Bxc4 Qxc4
16.Nd5 Nxd5 17.Qxd5 Qc7 18.Nc1 Nf6 19.Qd2 d5 20.Bg5 dxe4 21.Bxf6 e3 22.Qxe3 Bxf6
23.Qa3 h4 24.g4 Be7 25.Qxa6 O-O 26.Re2 e4 27.fxe4 Qg3 28.Rd3 Qg1 29.Qa5 Rfd8
30.Qe1 Qa7 31.Rxd8+ Rxd8 32.e5 Ra8 33.e6 Bf6 34.Qf2 Qb7 35.Qf5 fxe6 36.Rxe6 Qg2
37.Qe4 Qxe4 38.Rxe4 Rf8 39.c4 Bg5 40.cxb5 Rf1 41.Rc4 Be3 42.a4 Rh1 43.Rc3 Rxh3
44.b6 Rg3 45.Ne2 Rf3 46.Ka2 h3 47.b7 Rf8 48.Rxe3  1-0

[Event "16th North American Open"]
[Site "Las Vegas USA"]
[Date "2006.12.28"]
[Round "5"]
[White "Khachiyan,M"]
[Black "Critelli,J"]
[Result "1-0"]
[WhiteElo "2462"]
[BlackElo "2214"]

1.e4 c5 2.Nf3 d6 3.d4 cxd4 4.Nxd4 Nf6 5.Nc3 a6 6.Be3 e5 7.Nb3 Be6 8.Be2 Be7
9.O-O Nbd7 10.a4 Rc8 11.a5 Rxc3 12.bxc3 Nxe4 13.Bf3 Nxc3 14.Qd3 Qc8 15.Nc5 dxc5
16.Qxc3 e4 17.Bxe4 Bf6 18.Qd3 Bxa1 19.Rxa1 Nf6 20.Rb1 c4 21.Qd4 Nxe4 22.Qxg7 Ke7
23.Qe5 f5 24.Qg7+ Bf7 25.f3 Nd6 26.Qe5+ Be6 27.Bg5+ Kd7 28.Rd1  1-0

[Event "Masters"]
[Site "Singapore SIN"]
[Date "2006.12.28"]
[Round "5"]
[White "Gu Xiaobing"]
[Black "Nguyen Anh Dung"]
[Result "0-1"]
[WhiteElo "2361"]
[BlackElo "2541"]

1.e4 c5 2.Nf3 d6 3.d4 cxd4 4.Nxd4 Nf6 5.Nc3 a6 6.Be3 e5 7.Nb3 Be6 8.f3 Nbd7
9.g4 Nb6 10.g5 Nfd7 11.Qd2 h6 12.O-O-O hxg5 13.Bxg5 Qc7 14.Nd5 Nxd5 15.exd5 Bf5
16.Bd3 Bxd3 17.Qxd3 Rc8 18.Kb1 Qc4 19.Qd2 Be7 20.Rhg1 Nf6 21.Bxf6 Bxf6 22.Rg4 Qc7
23.f4 Kf8 24.fxe5 Bxe5 25.h4 Rh5 26.Rdg1 Bf6 27.Qg2 Re5 28.a3 Qe7 29.Nc1 Re3
30.Rxg7 Bxg7 31.Qxg7+ Ke8 32.h5 Kd7 33.h6 Kc7 34.Rf1 f5 35.Nd3 Qxg7 36.hxg7 Rg8
37.Nf4 Kd7 38.Nh5 Ke7 39.Rxf5 Re5 40.Rxe5+ dxe5 41.c4 Kf7 42.Kc2 Kg6 43.Ng3 Rxg7
44.Kd3 Rh7 45.Ke4 Kf6 46.Nf5 Rh2 47.b4 Re2+ 48.Ne3 Ra2 49.Ng4+ Ke7 50.Kxe5 Rxa3
51.d6+ Kd7 52.Nf6+ Kc6 53.Nd5 Rh3 54.Ne7+ Kd7 55.c5 Rh5+ 56.Kf6 a5 57.Ng6 axb4
58.Nf8+ Kc6 59.Ne6 Rd5 60.Nd8+ Kxc5 61.Nxb7+ Kc4 62.Ke6 b3 63.d7 Rxd7 64.Na5+ Kb4
65.Nc6+ Kc3  0-1

[Event "Masters"]
[Site "Singapore SIN"]
[Date "2006.12.28"]
[Round "6"]
[White "Lee TH,Bryan"]
[Black "Chong Chor Yuen"]
[Result "0-1"]
[WhiteElo "1908"]
[BlackElo "2100"]

1.e4 c5 2.Nf3 d6 3.d4 cxd4 4.Nxd4 Nf6 5.Nc3 a6 6.Be3 e5 7.Nb3 Be6 8.f3 Be7
9.Qd2 O-O 10.O-O-O b5 11.g4 Nbd7 12.h4 b4 13.Ne2 a5 14.Kb1 a4 15.Nbc1 b3
16.c3 bxa2+ 17.Ka1 Nb6 18.Ng3 Qc7 19.Nf5 Bxf5 20.exf5 Rfc8 21.g5 Nfd5 22.Bxb6 Nxb6
23.Nxa2 Nd7 24.Rg1 Nc5 25.Qc2 Rcb8 26.Rg2 Nb3+ 27.Kb1 a3 28.Qd3 Qb6 29.Qc4 axb2
30.Rxb2 Rxa2 31.Kxa2 Nc1+ 32.Ka3 Qxb2+ 33.Ka4 Ra8+  0-1

[Event "Masters"]
[Site "Singapore SIN"]
[Date "2006.12.28"]
[Round "6"]
[White "Lou Hongyu"]
[Black "Ji Dan"]
[Result "0-1"]
[WhiteElo "2134"]
[BlackElo "2250"]

1.e4 c5 2.Nf3 d6 3.d4 cxd4 4.Nxd4 Nf6 5.Nc3 a6 6.Be3 e5 7.Nb3 Be6 8.Qd2 Nbd7
9.f4 exf4 10.Bxf4 Ne5 11.O-O-O Be7 12.Nd4 Qc7 13.Nxe6 fxe6 14.g4 O-O 15.g5 Nfd7
16.Bh3 Nc5 17.b4 Nc4 18.Qf2 Qb6  0-1

[Event "XVII Cracovia A"]
[Site "Krakow POL"]
[Date "2006.12.29"]
[Round "3"]
[White "Szelag,M"]
[Black "Jedynak,R"]
[Result "1/2-1/2"]
[WhiteElo "2472"]
[BlackElo "2559"]

1.e4 c5 2.Nf3 d6 3.d4 cxd4 4.Nxd4 Nf6 5.Nc3 a6 6.Be3 e5 7.Nb3 Be6 8.f3 Be7
9.Qd2 O-O 10.O-O-O a5 11.Bb5 Nbd7 12.Kb1 a4 13.Nxa4 Qc7 14.c4 Rxa4 15.Bxa4 Qxc4
16.Bxd7 Nxd7 17.Qc2 Qb5 18.Nc1 Nc5 19.Bxc5 dxc5 20.Ne2 Ra8 21.Nc3 Qa5 22.b3 c4
23.Nd5 cxb3 24.Qxb3 Bc5 25.Rd3 Ra6 26.Qc2 h6 27.Rhd1 Rc6  1/2-1/2

[Event "Masters"]
[Site "Singapore SIN"]
[Date "2006.12.29"]
[Round "7"]
[White "Zhang Xiaowen"]
[Black "Anas,N"]
[Result "1-0"]
[WhiteElo "2155"]
[BlackElo "2254"]

1.e4 c5 2.Nf3 d6 3.d4 cxd4 4.Nxd4 Nf6 5.Nc3 a6 6.Be3 e5 7.Nb3 Be7 8.f3 Be6
9.Qd2 Nbd7 10.g4 Nb6 11.O-O-O O-O 12.Kb1 Rc8 13.g5 Nfd7 14.h4 Qc7 15.h5 Rfe8
16.g6 Nf6 17.gxh7+ Kxh7 18.Bxb6 Qxb6 19.Nd5 Bxd5 20.exd5 Bf8 21.Qg5 Qd8 22.Bd3+ Kh8
23.Qf5 Be7 24.Rdg1 Rg8 25.Rg6 e4 26.h6  1-0

[Event "Masters"]
[Site "Singapore SIN"]
[Date "2006.12.29"]
[Round "8"]
[White "Wu Xibin"]
[Black "Dao Thien Hai"]
[Result "1/2-1/2"]
[WhiteElo "2394"]
[BlackElo "2557"]

1.e4 c5 2.Nf3 d6 3.d4 cxd4 4.Nxd4 Nf6 5.Nc3 a6 6.Be3 e5 7.Nf3 h6 8.Bc4 Be6
9.Bb3 Be7 10.O-O O-O 11.Qe2 b5 12.Rfd1 Nbd7 13.a3 Qb8 14.Nh4 Rd8 15.Nf5 Bf8
16.Qf3 a5 17.g4 b4 18.Nd5 Bxd5 19.Rxd5 bxa3 20.bxa3 a4 21.Ba2 Qb2 22.Rdd1 Qxc2
23.Ng3 d5 24.g5 hxg5 25.Bxg5 Rdc8 26.Qf5 g6 27.Qh3 Bc5 28.Rd2 Qc3 29.Rad1 Qf3
30.Qf1 Bd4 31.Rd3 Qg4 32.Bxf6 Nxf6 33.Bxd5 Nxd5 34.exd5 Rc2 35.R1d2 Rxd2
36.Rxd2 Rb8 37.Qd1 Qd7 38.Ne2 Qg4+ 39.Kf1 Qf3 40.Nxd4 Qh1+ 41.Ke2 Qe4+ 42.Kf1 Rb1
43.Nc6 Rxd1+ 44.Rxd1 Qf3 45.Rd2 Qxa3 46.d6 Qc1+ 47.Ke2 Qxc6 48.d7 Qe4+ 49.Kd1 Qb1+
50.Ke2 Qe4+  1/2-1/2

[Event "Weihnachtsopen Masters"]
[Site "Zurich SUI"]
[Date "2006.12.29"]
[Round "6"]
[White "Sand,R"]
[Black "Deubelbeiss,R"]
[Result "1-0"]
[WhiteElo "2092"]
[BlackElo "2105"]

1.e4 c5 2.Nf3 d6 3.d4 cxd4 4.Nxd4 Nf6 5.Nc3 a6 6.Be3 e5 7.Nf3 Be7 8.Bc4 O-O
9.O-O b5 10.Bd5 Nxd5 11.Qxd5 Qd7 12.Nxe5 Qb7 13.Nf3 Nc6 14.Qd2 Bg4 15.Nd4 Rfe8
16.Nd5 Bf8 17.f3 Bh5 18.Nxc6 Qxc6 19.Bd4 h6 20.Nf4 Bg6 21.Nxg6 fxg6 22.Bc3 Rac8
23.Rad1 Kh7 24.Rf2 Qd7 25.Qd5 Rc5 26.Qxc5  1-0

[Event "Masters"]
[Site "Singapore SIN"]
[Date "2006.12.30"]
[Round "9"]
[White "Wang Yu A"]
[Black "Wu Shaobin"]
[Result "1/2-1/2"]
[WhiteElo "2389"]
[BlackElo "2475"]

1.e4 c5 2.Nf3 d6 3.d4 cxd4 4.Nxd4 Nf6 5.Nc3 a6 6.Be3 e6 7.g4 h6 8.h3 Qc7
9.Bg2 Nc6 10.O-O Bd7 11.f4 Be7 12.Qe2 O-O 13.Rad1 Rac8 14.Qf2 b5 15.a3 Nxd4
16.Bxd4 Bc6 17.Rfe1 Qb7 18.Qg3 a5 19.Bxf6 Bxf6 20.Rxd6 b4 21.axb4 axb4 22.Nd1 Qe7
23.Qd3 Bb5 24.Qd2 Rxc2 25.Qxc2 Qxd6 26.e5 Qd4+ 27.Qf2 Qxf2+ 28.Nxf2 Bh4 29.Rc1 Bg3
30.Rc5 Rb8 31.f5 Bd7 32.Be4 Bh4 33.Kg2 Rc8 34.Nd3 exf5 35.gxf5 Rxc5 36.Nxc5 Bb5
37.Bd3 Be8 38.Be4 Be7 39.Nd3 Ba4 40.Kf2 Kf8 41.Ke2 Ke8 42.Bd5 Bd7 43.Be4 Kd8
44.Nf4 Bc5 45.Nd3 Bd4 46.Nxb4 Bxb2 47.Nd3 Bd4 48.Kf3 Ke7 49.Kf4 Ba4 50.Nb4 Kf8
51.Bc6 Bd1 52.Nd5 Be2 53.e6 Bc5 54.h4 Bd6+ 55.Ke3 Bc4 56.Kd4  1/2-1/2

[Event "15th Donau Open"]
[Site "Aschach an der Donau AUT"]
[Date "2006.12.31"]
[Round "7"]
[White "Sakelsek,T"]
[Black "Czakon,J"]
[Result "1/2-1/2"]
[WhiteElo "2418"]
[BlackElo "2486"]

1.e4 c5 2.Nf3 d6 3.d4 cxd4 4.Nxd4 Nf6 5.Nc3 a6 6.Be3 e5 7.Nde2 Be6 8.f4 Nbd7
9.f5 Bc4 10.Nc1 d5 11.exd5 Bxf1 12.Rxf1 Nb6 13.Bg5 Bb4 14.Ne2  1/2-1/2

[Event "XVII Cracovia A"]
[Site "Krakow POL"]
[Date "2006.12.31"]
[Round "6"]
[White "Jakubowski,K"]
[Black "Worek,J"]
[Result "1/2-1/2"]
[WhiteElo "2497"]
[BlackElo "2298"]

1.e4 c5 2.Nf3 d6 3.d4 cxd4 4.Nxd4 Nf6 5.Nc3 a6 6.Be3 e5 7.Nb3 Be7 8.f3 Be6
9.Qd2 O-O 10.O-O-O a5 11.Bb5 Nbd7 12.Kb1 Ne8 13.Na4 Nc7 14.Bxd7 Qxd7 15.Nb6 Qc6
16.Nd5 Bxd5 17.exd5 Qc4 18.Qd3 b5 19.Qxc4 bxc4 20.Nc5 a4 21.Nd7  1/2-1/2

[Event "XVII Cracovia A"]
[Site "Krakow POL"]
[Date "2006.12.31"]
[Round "6"]
[White "Firman,N"]
[Black "Szelag,M"]
[Result "1/2-1/2"]
[WhiteElo "2495"]
[BlackElo "2472"]

1.e4 c5 2.Nf3 d6 3.d4 cxd4 4.Nxd4 Nf6 5.Nc3 a6 6.Be3 e5 7.Nb3 Be7 8.Qd2 O-O
9.O-O-O Be6 10.f4 Ng4 11.g3 a5 12.Na4 Nd7 13.Bb5 Qc7 14.Kb1 Ngf6 15.Qd3 Rfc8
16.Nd2 d5 17.f5 dxe4 18.Nxe4 Bd5 19.Nac3 Bc6 20.Bxc6 Qxc6 21.Bg5 a4 22.Bxf6 Nxf6
23.Nxf6+ Bxf6 24.a3 h6 25.Qe4 Ra6 26.Qxc6 Raxc6 27.Rd2 Rc4 28.Re1 Kf8 29.Ne4 Be7
30.c3 R8c7 31.Rd5 f6 32.Kc2 h5 33.Ra5 Kf7 34.Nd2 Rd4 35.Re4 Rxe4 36.Nxe4 g6
37.fxg6+ Kxg6 38.Rxa4 f5 39.Nd2 e4 40.Ra8 h4 41.Kd1 hxg3 42.hxg3 Bg5 43.Ke2 Rd7
44.Rg8+ Kf6 45.Nc4 Rd3 46.Rf8+ Ke6 47.g4 fxg4 48.Re8+ Kf5 49.Rf8+ Ke6 50.Re8+ Kf5
51.Rf8+ Ke6  1/2-1/2

[Event "XVII Cracovia A"]
[Site "Krakow POL"]
[Date "2007.01.02"]
[Round "7"]
[White "Szelag,M"]
[Black "Solodovnichenko,Y"]
[Result "0-1"]
[WhiteElo "2472"]
[BlackElo "2574"]

1.e4 c5 2.Nf3 d6 3.d4 cxd4 4.Nxd4 Nf6 5.Nc3 a6 6.Be3 e6 7.Be2 Qc7 8.O-O b5
9.a4 b4 10.Na2 Nxe4 11.c3 b3 12.Nb4 Nd7 13.f4 d5 14.Qxb3 Bd6 15.Rae1 g5 16.Nd3 Ndc5
17.Nxc5 Nxc5 18.Qd1 gxf4 19.Bh5 Rf8 20.Bc1 Ne4 21.Qg4 e5 22.Nf5 Bc5+ 23.Kh1 Bd7
24.Ng7+ Kd8 25.Nf5 Kc8 26.b4 Nf2+ 27.Rxf2 Bxf2 28.Rd1 Be6 29.c4 Qd7 30.Qg7 Rd8
31.Nh6 Qc7 32.Nxf7 Ra7 33.Bg4 Qxf7 34.Qxf7 Bxg4 35.Qf6 Bxd1 36.Qe6+ Kb8 37.c5 Rb7
38.Qxe5+ Ka7 39.c6 Rf7 40.Qe6 Bh5 41.Bxf4 Bb6 42.g4 Bg6 43.a5 Be4+ 44.Qxe4 dxe4
45.axb6+ Kxb6  0-1

[Event "Petrovskaya Ladya Open"]
[Site "Peterhof RUS"]
[Date "2007.01.03"]
[Round "1"]
[White "Sudarev,O"]
[Black "Semenenko,S"]
[Result "0-1"]
[WhiteElo "2011"]
[BlackElo "2196"]

1.e4 c5 2.Nf3 d6 3.d4 cxd4 4.Nxd4 Nf6 5.Nc3 a6 6.Be3 e5 7.Nb3 Be6 8.f3 Be7
9.Qd2 Nbd7 10.O-O-O b5 11.g4 b4 12.Nd5 Bxd5 13.exd5 a5 14.Kb1 a4 15.Nc1 Ra5
16.Nd3 Nxd5 17.Nxb4 Nxb4 18.Qxb4 O-O 19.f4 a3 20.b3 d5 21.Qe1 exf4 22.Bxf4 Bf6
23.g5 Bb2 24.Bg2 d4 25.h4 Nc5 26.Bc1 Bc3 27.Bd2 Na4 28.Bc6 Bxd2 29.Rxd2 Nc3+
30.Ka1 Qd6 31.Bg2 Re5 32.Qf2 Rfe8 33.Rc1 Re3 34.Bf1 Qe5 35.Bc4 Re1  0-1

[Event "13th Festival A"]
[Site "Zupanja CRO"]
[Date "2007.01.03"]
[Round "1"]
[White "Brkic,A"]
[Black "Zufic,M"]
[Result "1-0"]
[WhiteElo "2570"]
[BlackElo "2437"]

1.e4 c5 2.Nf3 d6 3.d4 cxd4 4.Nxd4 Nf6 5.Nc3 a6 6.Be3 e5 7.Nb3 Be6 8.f3 Be7
9.Qd2 O-O 10.O-O-O Nbd7 11.g4 b5 12.g5 b4 13.Ne2 Nh5 14.Ng3 g6 15.Nxh5 gxh5
16.f4 exf4 17.Bxf4 Ne5 18.Kb1 Qc7 19.Nd4 Bg4 20.Be2 Nc4 21.Bxc4 Qxc4 22.Nf5 Rfe8
23.Nh6+ Kg7 24.Rde1 Rac8 25.Be3 Be6 26.b3 Qb5 27.Rhf1 Rc7 28.Qf2 Bd8 29.Bb6 Rxc2
30.Bd4+  1-0

[Event "Hilton Open"]
[Site "Basel SUI"]
[Date "2007.01.04"]
[Round "4"]
[White "Varga,Zo"]
[Black "Fargere,Fr"]
[Result "1-0"]
[WhiteElo "2497"]
[BlackElo "2330"]

1.e4 c5 2.Nf3 d6 3.d4 Nf6 4.Nc3 cxd4 5.Nxd4 a6 6.Be3 e5 7.Nf3 Be7 8.Bc4 O-O
9.Bg5 Be6 10.Bxf6 Bxf6 11.Bb3 Nc6 12.Nd5 Bxd5 13.Qxd5 Qb6 14.c3 Be7 15.Nd2 Na5
16.Rb1 Rac8 17.O-O Qc7 18.Qd3 b5 19.Bd5 Nc4 20.Nxc4 bxc4 21.Qe2 Bf6 22.b3 cxb3
23.Rxb3 a5 24.Qa6 Rb8 25.Rfb1 Rxb3 26.Rxb3 Rb8 27.Qc6 Qd8 28.Qc4 Rc8 29.Bxf7+ Kh8
30.Qa4 Bh4 31.g3 Bg5 32.Be6 Ra8 33.h4 Bd2 34.Qc4 Qf6 35.Bc8 Qf8 36.Bg4 Bh6
37.Rb7 Rb8 38.Rf7 Qd8 39.Kg2 Qb6 40.Bc8 Qd8 41.Bd7 Bc1 42.Qe6 Ba3 43.h5 h6
44.Rxg7 Kxg7 45.Qg6+ Kf8 46.Be6  1-0

[Event "Petrovskaya Ladya Open"]
[Site "Peterhof RUS"]
[Date "2007.01.05"]
[Round "3"]
[White "Pyatin,A"]
[Black "Semenenko,S"]
[Result "0-1"]
[WhiteElo "2047"]
[BlackElo "2196"]

1.e4 c5 2.Nf3 d6 3.d4 cxd4 4.Nxd4 Nf6 5.Nc3 a6 6.Be3 e5 7.Nb3 Be6 8.Be2 Be7
9.O-O Nbd7 10.a4 b6 11.f4 Qc7 12.Nd5 Bxd5 13.exd5 O-O 14.c4 a5 15.Nd2 Nc5
16.Qc2 Nfd7 17.f5 Qd8 18.g4 Bg5 19.Ra3 Bxe3+ 20.Rxe3 Qg5 21.Rg3 e4 22.Nxe4 Nxe4
23.Qxe4 Rfe8 24.Qc2 Nc5 25.Rff3 Re4 26.h3 Rae8 27.Bf1 f6 28.Rg2 Re1 29.Qf2 Qc1
30.Kh2 Ne4 31.Qxb6 Rxf1 32.Rxf1 Qxf1 33.Qxa5 Qf4+ 34.Kg1 Ng5 35.Qc3 Nf3+
36.Kf1 Nd2+  0-1

[Event "13th Festival A"]
[Site "Zupanja CRO"]
[Date "2007.01.05"]
[Round "3"]
[White "Brkic,A"]
[Black "Fercec,N"]
[Result "1-0"]
[WhiteElo "2570"]
[BlackElo "2501"]

1.e4 c5 2.Nf3 d6 3.d4 cxd4 4.Nxd4 Nf6 5.Nc3 a6 6.Be3 e5 7.Nb3 Be6 8.f3 Be7
9.Qd2 O-O 10.O-O-O a5 11.Bb5 Na6 12.Qe2 Qb8 13.Kb1 Nc7 14.Bg5 Nxb5 15.Qxb5 a4
16.Bxf6 Bxf6 17.Nc1 a3 18.b3 Qc7 19.Qd3 Ra5 20.Nb5 Rxb5 21.Qxb5 Qc3 22.Nd3 Rc8
23.Rc1 Bg5 24.Qb4 Bxc1 25.Qxc3 Rxc3 26.Kxc1 f5 27.Kd2 Rc8 28.Nb4 Kf7 29.c4 Kf6
30.Nc2 g5 31.Ra1 Ra8 32.Kc3 b5 33.cxb5 Rc8+ 34.Kd2 Ra8 35.b6 fxe4 36.fxe4 Bc8
37.Rf1+ Ke7 38.Nb4 Bb7 39.Kd3 Rc8 40.Rf2 Ke6 41.Rc2  1-0

[Event "13th Festival A"]
[Site "Zupanja CRO"]
[Date "2007.01.05"]
[Round "3"]
[White "Perunovic,Mil"]
[Black "Zivkovic,Vj"]
[Result "1-0"]
[WhiteElo "2547"]
[BlackElo "2441"]

1.e4 c5 2.Nc3 a6 3.Nge2 d6 4.d4 cxd4 5.Nxd4 Nf6 6.Be3 e5 7.Nde2 Be7 8.Ng3 Be6
9.Be2 O-O 10.O-O Nbd7 11.Kh1 b5 12.f4 Qc7 13.a3 Rfe8 14.f5 Bc4 15.Bg5 Rab8
16.Bxf6 Nxf6 17.Nh5 Nxh5 18.Bxc4 Nf6 19.Bb3 a5 20.Nd5 Qc5 21.Nxf6+ Bxf6 22.c3 Rec8
23.Rf3 h6 24.Rd3 Rb6 25.Qh5 Rc7 26.Qe2 Bg5 27.Rad1 b4 28.cxb4 axb4 29.a4 Rbc6
30.g3 Qb6 31.Kg2 Be7 32.h4 Qb8 33.Qh5 Qf8 34.Kh3 Rc1 35.g4 Rxd1 36.Rxd1 Qa8
37.g5 Bxg5 38.hxg5 Qxe4 39.Qg4 Qe3+ 40.Qg3 Qe4 41.gxh6 Qxf5+ 42.Qg4 Qxg4+
43.Kxg4 gxh6 44.Rxd6 Rc1 45.Rxh6 Kg7 46.Rh2 Rf1 47.Kg3 f5 48.Rf2 Rg1+ 49.Rg2 Ra1
50.Kf2+  1-0

[Event "13th Festival A"]
[Site "Zupanja CRO"]
[Date "2007.01.07"]
[Round "6"]
[White "Predojevic,B"]
[Black "Brkic,A"]
[Result "1/2-1/2"]
[WhiteElo "2587"]
[BlackElo "2570"]

1.e4 c5 2.Nf3 d6 3.d4 cxd4 4.Nxd4 Nf6 5.Nc3 a6 6.Be3 Ng4 7.Bc4 Nxe3 8.fxe3 e6
9.O-O Nc6 10.Nxc6 bxc6 11.Qf3 Ra7 12.Rad1  1/2-1/2

[Event "13th Festival A"]
[Site "Zupanja CRO"]
[Date "2007.01.07"]
[Round "7"]
[White "Zufic,M"]
[Black "Zivkovic,Vj"]
[Result "1/2-1/2"]
[WhiteElo "2437"]
[BlackElo "2441"]

1.e4 c5 2.Nf3 d6 3.d4 cxd4 4.Nxd4 Nf6 5.Nc3 a6 6.Be3 e5 7.Nb3 Be6 8.Qd2 Be7
9.f3 O-O 10.O-O-O Nbd7 11.g4 b5 12.g5 b4 13.Ne2 Ne8 14.f4 a5 15.f5 a4 16.fxe6 axb3
17.exf7+ Rxf7 18.cxb3 Rxa2 19.Kb1 Qa8 20.Ng3 Rxf1 21.Rhxf1 Ra1+ 22.Kc2 Qc6+  1/2-1/2

[Event "ch-CUB Open"]
[Site "Santa Clara CUB"]
[Date "2007.01.10"]
[Round "1"]
[White "Gonzalez,Yu"]
[Black "Ortiz,I"]
[Result "0-1"]
[WhiteElo "2494"]
[BlackElo "2352"]

1.e4 c5 2.Nf3 d6 3.d4 cxd4 4.Nxd4 Nf6 5.Nc3 a6 6.Be3 e6 7.Be2 Qc7 8.Qd2 b5
9.a3 Bb7 10.f3 Nbd7 11.O-O-O d5 12.exd5 Nxd5 13.Nxd5 Bxd5 14.Rhe1 Bc5 15.Bf4 Qb6
16.Nf5 O-O 17.b4 Bf2 18.Ne7+ Kh8 19.Rf1 Rfe8 20.Nxd5 exd5 21.Bd3 Bh4 22.Bg5 Bxg5
23.Qxg5 Nf6 24.Rfe1 Qc7 25.Kb2 Qxh2 26.g4 Qg3 27.Rh1 Kg8 28.Rd2 Re1 29.Rxe1 Qxe1
30.Re2 Qg3 31.Qf5 h6 32.Re3 Kf8 33.Re2 Rd8 34.Re5 Qg1 35.Re2 Qd4+ 36.c3 Qb6
37.g5 hxg5 38.Rh2 Qd6 39.Rh8+ Ke7 40.Rxd8 Kxd8 41.Qxg5 g6 42.Qe3 Nd7 43.Qa7 Ne5
44.Be2 Nc4+ 45.Bxc4 dxc4 46.Qe3 Qd1 47.Qb6+ Ke7 48.Qc7+ Ke6 49.Qc6+ Qd6 50.Qe8+ Kf6
51.Qh8+ Kg5 52.Kc1 Qf4+ 53.Kc2 Qxf3 54.Qd8+ Kh5 55.Qh8+ Kg4 56.Qd4+ Kh3 57.Qg7 Kg2
58.Qh8 Kf1 59.Qh6 f5 60.Kb2 f4 61.Qh8 Ke1 62.a4 g5 63.axb5 axb5 64.Ka3 Kd1
65.Kb2 Qe2+ 66.Ka3 Kc2 67.Qh7+ Qd3 68.Qh2+ Kc1 69.Qb2+ Kd1 70.Qb1+ Kd2 71.Qa2+ Qc2  0-1

[Event "zt 3.3"]
[Site "Phu Quoc VIE"]
[Date "2007.01.11"]
[Round "1"]
[White "Nguyen Van Huy"]
[Black "Wynn Zaw Htun"]
[Result "0-1"]
[WhiteElo "2345"]
[BlackElo "2566"]

1.e4 c5 2.Nf3 d6 3.d4 cxd4 4.Nxd4 Nf6 5.Nc3 a6 6.Be3 e6 7.Be2 Nbd7 8.f4 b5
9.Bf3 Bb7 10.a3 Qc7 11.O-O Nc5 12.e5 dxe5 13.Bxb7 Nxb7 14.fxe5 Qxe5 15.Qf3 Bc5
16.Qc6+ Nd7 17.Kh1 O-O 18.Qxb7 Qxe3 19.Nb3 Ra7 20.Qc6 Be7 21.Rae1 Qb6 22.Qf3 Nf6
23.Ne2 Rd7 24.c3 Nd5 25.Ng3 Bh4 26.Nd4 Bf6 27.Re4 g6 28.h4 Bg7 29.h5 Qd8
30.Nc6 Qg5 31.a4 Rc8 32.Nb4 bxa4 33.Rg4 Qe3 34.Nxd5 Qxf3 35.Rxf3 Rxd5 36.hxg6 hxg6
37.Rxa4 Rc6 38.Nf1 Bf8 39.g4 Rb5 40.Rf2 Bh6 41.Ng3 Bc1 42.Ra2 Rc4 43.Ne2 Be3
44.Rg2 a5 45.Kh2 Bb6 46.Kg3 Re4 47.Ng1 Rg5 48.Kh4 Bd8 49.Kh3 f5 50.Rd2 Bb6
51.gxf5 Rxg1 52.fxg6 Rxg6 53.b4 Re5 54.Kh4 Kg7 55.Rg2  0-1

[Event "ch-CUB Open"]
[Site "Santa Clara CUB"]
[Date "2007.01.12"]
[Round "3"]
[White "De la Paz,F"]
[Black "Hernandez,Hold"]
[Result "0-1"]
[WhiteElo "2433"]
[BlackElo "2543"]

1.e4 c5 2.Nf3 d6 3.d4 cxd4 4.Nxd4 Nf6 5.Nc3 a6 6.Be3 Ng4 7.Bc1 Nc6 8.h3 Nge5
9.f4 Nxd4 10.Qxd4 Nc6 11.Qf2 e6 12.Be3 b5 13.Bb6 Qd7 14.O-O-O Qb7 15.g4 Be7
16.g5 Bd7 17.h4 b4 18.Ne2 a5 19.Ng3 a4 20.Kb1 b3 21.cxb3 axb3 22.a3 O-O 23.Nh5 Rfb8
24.Bd4 Nxd4 25.Qxd4 Bf8 26.Rc1 e5 27.Qd3 Ra4 28.Bg2 Bb5 29.Qc3 Rc4 30.Qe3 Qa6
31.Bf1 Rxc1+ 32.Qxc1 Bd3+ 33.Ka1 d5 34.Bxd3 Qxd3 35.Qc7 Ra8 36.Qc1 Qe2  0-1

[Event "zt 3.3"]
[Site "Phu Quoc VIE"]
[Date "2007.01.13"]
[Round "3"]
[White "Gundavaa,B"]
[Black "Duong The Anh"]
[Result "1/2-1/2"]
[WhiteElo "2256"]
[BlackElo "2393"]

1.e4 c5 2.Nf3 d6 3.d4 cxd4 4.Nxd4 Nf6 5.Nc3 a6 6.Be3 e5 7.Nf3 Qc7 8.a4 b6
9.Be2 Be7 10.O-O O-O 11.Nd2 Be6 12.f4 exf4 13.Bxf4 Nbd7 14.Nf3 Ne5 15.Nd4 Rfe8
16.Kh1 Qb7 17.Nxe6 fxe6 18.Qd4 Qc7 19.Rad1 Nfd7 20.Qe3 Rf8 21.Qh3 Rf6 22.Bxe5 Rh6
23.Qd3 Nxe5 24.Nd5 Nxd3 25.Nxc7 Rc8 26.Nxe6 Nxb2 27.Rb1 Bf6 28.Bxa6 Rxc2
29.Bb7 Kf7 30.Nd4 Rd2 31.Bd5+ Ke8 32.Nf5 Rg6 33.g3 Kd7 34.Kg1 Nxa4 35.Rb4 Nc5
36.Rxb6 Be5 37.Rf2 Rxf2 38.Kxf2 Rf6 39.Ke2 g6 40.Ne3 Bd4 41.Rb5 Bxe3 42.Kxe3 Ke7
43.Rb2 Rf1 44.Ra2 Nd7 45.Ra7 Kd8 46.Bc4 Re1+ 47.Kf4 h6 48.Bd5 Re2 49.Ra8+ Ke7
50.Ra7 Kd8 51.Ra8+ Ke7 52.Ra7 Kd8 53.Ra8+  1/2-1/2

[Event "ch-CUB Open"]
[Site "Santa Clara CUB"]
[Date "2007.01.13"]
[Round "4"]
[White "Corrales,Fi"]
[Black "Ortiz,I"]
[Result "0-1"]
[WhiteElo "2507"]
[BlackElo "2352"]

1.e4 c5 2.Nf3 d6 3.d4 cxd4 4.Nxd4 Nf6 5.Nc3 a6 6.Be3 e6 7.f3 b5 8.Qd2 Nbd7
9.O-O-O h6 10.Kb1 Bb7 11.h4 b4 12.Nce2 d5 13.exd5 Nxd5 14.Nf4 N7b6 15.Ndxe6 fxe6
16.Nxe6 Qd6 17.Bxb6 Qxb6 18.Bc4 Nc3+ 19.Ka1 Nxd1 20.Rxd1 Bd6 21.Nxg7+ Kd7
22.Nf5 Kc7 23.Nxd6 Rad8 24.Qe1 Qc6 25.Nf7 Rxd1+ 26.Qxd1 Re8 27.b3 Qf6+ 28.Kb1 Bc6
29.Qd2 a5 30.f4 Re4 31.Qf2 Kb7 32.Qd2 Rd4 33.Qe2 Qxf4 34.g4 Rd7 35.Qe1 Be4
36.Qg1 Bxc2+ 37.Kb2 Bg6  0-1

[Event "ch-CUB Open"]
[Site "Santa Clara CUB"]
[Date "2007.01.15"]
[Round "6"]
[White "Blanco,H"]
[Black "Vera,R"]
[Result "0-1"]
[WhiteElo "2413"]
[BlackElo "2494"]

1.e4 c5 2.Nf3 d6 3.d4 cxd4 4.Nxd4 Nf6 5.Nc3 a6 6.Be3 e6 7.f3 b5 8.Qd2 Nbd7
9.O-O-O Bb7 10.g4 Nb6 11.Qf2 Nfd7 12.Bd3 Rc8 13.Nce2 Nc5 14.Kb1 Qc7 15.h4 Nba4
16.Bc1 b4 17.g5 g6 18.h5 Rg8 19.hxg6 hxg6 20.Qe3 Bg7 21.f4 Nxd3 22.cxd3 e5
23.fxe5 dxe5 24.Nb3 Rh8 25.Rxh8+ Bxh8 26.Qd2 a5 27.Rh1 Bg7 28.Qd1 Rd8 29.Qc2 Qd7
30.Nxa5 Ba6 31.Nc4 Qxd3 32.Qxd3 Rxd3 33.b3 Nc5 34.Kc2 Bb7 35.Rh4 Rd8 36.Ng3 Ne6
37.Rh1 Nd4+ 38.Kb1 Ne2  0-1

[Event "zt 3.3"]
[Site "Phu Quoc VIE"]
[Date "2007.01.16"]
[Round "7"]
[White "Nguyen Van Huy"]
[Black "Nguyen Anh Dung"]
[Result "1/2-1/2"]
[WhiteElo "2345"]
[BlackElo "2533"]

1.e4 c5 2.Nf3 d6 3.d4 cxd4 4.Nxd4 Nf6 5.Nc3 a6 6.Be3 e5 7.Nb3 Be6 8.f3 Nbd7
9.g4 b5 10.g5 b4 11.Nd5 Nxd5 12.exd5 Bf5 13.Bd3 Bxd3 14.Qxd3 Be7 15.Rg1 O-O
16.O-O-O a5 17.Kb1 a4 18.Nd2 Qa5 19.Ne4 Rfc8 20.h4 Kh8 21.f4 exf4 22.Bxf4 Nc5
23.Nxc5 Qxc5 24.Rge1 Bf8 25.h5 Re8 26.Be3 Qc8 27.Bd4 Qg4 28.h6 Kg8 29.Rg1 Qe4
30.hxg7 Bxg7 31.Bf6 a3 32.Qd4 Qg6 33.b3 Re2 34.Qc4 Rae8 35.Rc1 Qe4 36.Rg4 Qxc4
37.Rxc4 Rd2 38.Rxb4 Rxd5 39.Ra4 Rf5 40.Rxa3 Bxf6 41.gxf6 Rxf6 42.b4 Rb8 43.Rb3 Rf4
44.a3 Kg7 45.Rg1+ Kf6 46.Rh3 Rh8 47.Rh6+ Ke5 48.Kb2 d5 49.c3 f5 50.Rg7 Re4
51.a4 d4 52.a5 Rc8 53.cxd4+ Kxd4 54.Kb3 Rc1 55.a6 Rb1+ 56.Ka4 f4 57.Rh3 Re3
58.Rd7+ Kc4 59.Rc7+ Kd3 60.Rhxh7 Ra1+ 61.Kb5 f3 62.Rhd7+ Ke2 63.Rc2+ Ke1
64.Rdc7 f2 65.Rc1+ Rxc1 66.Rxc1+ Kd2 67.Rh1 Re1 68.Rh2 Ke3 69.Rxf2 Kxf2 70.Kb6 Ra1
71.b5 Ke3 72.Kc6 Kd4 73.Kb7 Kc5 74.a7  1/2-1/2